Preparation and ablation properties study of a single component ceramifiable RTV silicone rubber (Record no. 75261)
[ view plain ]
| 000 -LEADER | |
|---|---|
| fixed length control field | 00647nam a22002177a 4500 |
| 100 ## - MAIN ENTRY--AUTHOR NAME | |
| Personal name | Wang, X. |
| 245 ## - TITLE STATEMENT | |
| Title | Preparation and ablation properties study of a single component ceramifiable RTV silicone rubber |
| 260 ## - PUBLICATION, DISTRIBUTION, ETC. (IMPRINT) | |
| Name of publisher | Journal of Rubber Research, 26(5): 2023. 391-405. |
| 300 ## - PHYSICAL DESCRIPTION | |
| Other physical details | November |
| 650 ## - SUBJECT ADDED ENTRY--TOPICAL TERM | |
| Topical Term | Room temperature vulcanised silicone rubber |
| 650 ## - SUBJECT ADDED ENTRY--TOPICAL TERM | |
| Topical Term | Ceramic residue |
| 650 ## - SUBJECT ADDED ENTRY--TOPICAL TERM | |
| Topical Term | Adhesion property |
| 650 ## - SUBJECT ADDED ENTRY--TOPICAL TERM | |
| Topical Term | Orthogonal experiment |
| 700 ## - ADDED ENTRY--PERSONAL NAME | |
| Personal name | Huang, Ao. |
| 700 ## - ADDED ENTRY--PERSONAL NAME | |
| Personal name | Zhao, M. |
| 700 ## - ADDED ENTRY--PERSONAL NAME | |
| Personal name | Li, J. |
| 700 ## - ADDED ENTRY--PERSONAL NAME | |
| Personal name | Li, S. |
| 700 ## - ADDED ENTRY--PERSONAL NAME | |
| Personal name | Li, X. |
| 856 ## - ELECTRONIC LOCATION AND ACCESS | |
| Uniform Resource Identifier | https://doi.org/10.1007/s42464-023-00222-6 |
| 942 ## - ADDED ENTRY ELEMENTS (KOHA) | |
| Koha item type | Journals |
| Withdrawn status | Lost status | Damaged status | Not for loan | Home library | Current library | Date acquired | Koha item type |
|---|---|---|---|---|---|---|---|
| RRII Library | RRII Library | 14/05/2024 | Journals |